000 00699nam a2200241 i 4500
001 bg
100 1 _aCICHOSZ, Paweł
245 1 0 _aSystemy uczące się /
_cPaweł Cichosz.
260 _aWarszawa :
_bWydawnictwa Naukowo-Techniczne,
_c2000.
300 _a894 s. :
_bil. ;
_c25 cm.
504 _aBibliogr. - Indeks.
650 9 _aProgramowanie (informat.)
650 9 _aSztuczna inteligencja
_xzagadnienia
655 _aPodręczniki akademickie
020 _a8320425441
040 _cBPK
041 0 _apl
080 _a004.8:004.4](075.8)
920 _a83-204-2544-1
942 _cKS
008 s pl f |000 0 pol
999 _c38919
_d38919
856 _uhttp://koha.tu.koszalin.pl/cgi-bin/koha/opac-detail.pl?biblionumber=38919
_yKatalog online BPK